000 00644nam a2200169 a 4500
001 000035416
005 20240502103719.0
008 111031s1971 mx 000 0 spa d
040 _aDO-SdBNP
_bspa
_cBNPHU
082 _axxx
_bD486r
100 1 _aDeutscher, Isaac,
_d1907-1967
_961252
240 1 3 _aThe unfinish revolution. Rusia, 1971-1967
_lEspañol
245 1 3 _aLa revolución inconclusa :
_b50 años de historia soviética /
_cIsaac Deutscher.
260 _aMéxico :
_bEdiciones Era,
_c1971.
300 _a132 p. ;
_c20 cm.
500 _aConferencias "George Macaulay Trevelyan" Pronunciadas en la Universidad de Cambridge enero/marzo de 1967
999 _c34907
_d34907